| 000 | 00363nam a2200157Ia 4500 | ||
|---|---|---|---|
| 003 | Ost | ||
| 005 | 20260225132558.0 | ||
| 008 | 260225s9999||||xx |||||||||||||| ||und|| | ||
| 040 | _cfsic | ||
| 041 | _afre | ||
| 082 | _a302.23 | ||
| 100 |
_aYapp Hopkinson _eAuteur |
||
| 245 | 0 | _aphotojournalisme.150de reportage / | |
| 245 | 0 | _cYapp Hopkinson | |
| 942 | _cكتاب | ||
| 999 |
_c34560 _d34560 |
||